| 000 | 00697nam a22002531 4500 | ||
|---|---|---|---|
| 001 | 1627 | ||
| 003 | BD-RjUL | ||
| 005 | 20211208233356.0 | ||
| 008 | 131208s1965 ne b 001 0 eng | ||
| 035 | _a(BD-RjUL)1654 | ||
| 040 |
_aDLC _cDLC _dDLC _beng |
||
| 041 | _aeng | ||
| 082 | 0 | 0 |
_a170 _216 _bKAM 1965 |
| 100 | 1 |
_aKattsoff, Louis Osgood, _d1908- _95387 |
|
| 245 | 1 | 0 |
_aMaking moral decisions : _ban existential analysis / _cby Louis O. Kattsoff. |
| 260 |
_aThe Hague : _bM. Nijhoff, _c1965. |
||
| 300 |
_ax, 279 p. _c24 cm. |
||
| 504 | _aIncludes bibliographies. | ||
| 526 | _bPsychology | ||
| 650 | 0 |
_aEthics. _95388 |
|
| 942 |
_2ddc _cBK _01 |
||
| 999 |
_c1627 _d1627 |
||